Australian building law (Record no. 73725)
[ view plain ]
| 000 -LEADER | |
|---|---|
| fixed length control field | 01137cam a2200241 4500 |
| 001 - CONTROL NUMBER | |
| control field | ABS67137 |
| 008 - FIXED-LENGTH DATA ELEMENTS--GENERAL INFORMATION | |
| fixed length control field | 031030n2003 000 0 eng u |
| 035 ## - SYSTEM CONTROL NUMBER | |
| System control number | (Sirsi) u124197 |
| 100 ## - MAIN ENTRY--PERSONAL NAME | |
| Personal name | Small, M. |
| 245 ## - TITLE STATEMENT | |
| Title | Australian building law |
| 260 ## - PUBLICATION, DISTRIBUTION, ETC. | |
| Date of publication, distribution, etc. | 2003 |
| 490 ## - SERIES STATEMENT | |
| Series statement | Access by Design |
| Volume/sequential designation | (96) Autumn 2003, 25-27(3) |
| 520 ## - SUMMARY, ETC. | |
| Summary, etc. | Reports on the progress of the Australian Disability Discrimination Act 1993. Highlights its objectives and the way it has been altered and complimented by other legislation. Concludes that changes to the Building Code of Australia and draft Premises Standards are nearly complete and alongside the beginning of work on the Regulatory Impact Statement will complete a package on the issue of disabled access. |
| 590 ## - LOCAL NOTE (RLIN) | |
| Local note | ABS |
| 650 ## - SUBJECT ADDED ENTRY--TOPICAL TERM | |
| Topical term or geographic name entry element | AUSTRALIA |
| 650 ## - SUBJECT ADDED ENTRY--TOPICAL TERM | |
| Topical term or geographic name entry element | BUILDING CODE OF AUSTRALIA |
| 650 ## - SUBJECT ADDED ENTRY--TOPICAL TERM | |
| Topical term or geographic name entry element | PREMISES STANDARD |
| 650 ## - SUBJECT ADDED ENTRY--TOPICAL TERM | |
| Topical term or geographic name entry element | AUSTRALIAN DISABILITY DISCRIMINATION ACT 1993 |
| 650 ## - SUBJECT ADDED ENTRY--TOPICAL TERM | |
| Topical term or geographic name entry element | REGULATORY IMPACT STATEMENT |
| 650 ## - SUBJECT ADDED ENTRY--TOPICAL TERM | |
| Topical term or geographic name entry element | MANAGEMENT-BUSINESS MANAGEMENT-DISCRIMINATION-DISABILITY DISCRIMINATION-ACCESSIBILITY |
| 690 ## - LOCAL SUBJECT ADDED ENTRY--TOPICAL TERM (OCLC, RLIN) | |
| Topical term or geographic name as entry element | BUILT ENVIRONMENT-BUILDING STANDARDS |
| 942 ## - ADDED ENTRY ELEMENTS (KOHA) | |
| Suppress in OPAC | 0 |
| Withdrawn status | Lost status | Source of classification or shelving scheme | Damaged status | Not for loan | Home library | Current library | Shelving location | Date acquired | Total Checkouts | Full call number | Barcode | Date last seen | Copy number | Price effective from | Koha item type |
|---|---|---|---|---|---|---|---|---|---|---|---|---|---|---|---|
| Dewey Decimal Classification | London | London | Journal article | 30/10/2003 | ABS67137 | 124197-1001 | 06/08/2019 | 1 | 06/08/2019 | Journal article |